000 01044cam a2200229 4500
001 ABS64977
008 020208n2002 000 0 eng u
035 _a(Sirsi) u116664
100 _aWilkinson, H
245 _aLighten our darkness - or not?
260 _c2002
490 _aNew Law Journal
_v152(7014) 11 January 2002, 10-12(3)
520 _aDiscusses the High Hedges Bill which will allow local authorities to settle disputes over nuisance hedges. The Bill provides for a set criteria to be satisfied before a complaint is made to allow house owners to predict whether a complaint would be considered and be successful. Considers the possible questions that could be raised over and which are answered in the briefing pack on the Bill and also the concept of 'action hedge height' and how to work out loss of light.
590 _aABS
650 _aHIGH HEDGES
650 _aLOSS OF LIGHT
650 _aLOSS OF AMENITY
650 _aHIGH HEDGES BILL
650 _aDISPUTES
690 _aBoundary disputes
_96221
942 _n0
999 _c69477
_d69477